Magdalena /
Guardado en:
| Autor principal: | |
|---|---|
| Formato: | Desconocido |
| Lenguaje: | Spanish |
| Publicado: |
San José, Costa Rica:
Editorial de la Universidad de Costa Rica,
1992.
|
| Colección: | Colección Retorno
|
| Materias: | |
| Etiquetas: |
Agregar Etiqueta
Sin Etiquetas, Sea el primero en etiquetar este registro!
|
MARC
| LEADER | 000000000a22000000004500 | ||
|---|---|---|---|
| 001 | 001881 | ||
| 003 | CIICLA | ||
| 005 | 20150319234953.0 | ||
| 007 | ta | ||
| 008 | 140129t1992 cr |||f |||| 000 0 spa d | ||
| 020 | |a 9977672075 | ||
| 040 | |c cru CIICLA Universidad de Costa Rica | ||
| 041 | 0 | |a español | |
| 082 | |a CR862.4 |b F3634m | ||
| 100 | 1 | |a Fernández Guardia, Ricardo |d 1867-1950 | |
| 245 | 1 | 0 | |a Magdalena / |c Ricardo Fernández Guardia |
| 260 | |b Editorial de la Universidad de Costa Rica, |c 1992. |a San José, Costa Rica: | ||
| 300 | |a 98 páginas | ||
| 490 | 1 | |a Colección Retorno | |
| 500 | |a Introducción, bibliografía y notas de Alvaro Quesada Soto -- La biblioteca contiene otro ejemplar con número de inscripción , 01225 , 11226, el cual se presenta como primera edición en el año 1993, pero se utilizará en el registro el año 1992, también presenta reimpresiones: 1993, 1995, 1998 | ||
| 650 | 4 | |a LITERATURA COSTARRICENSE |v TEATRO | |
| 942 | |2 ddc |c BK | ||
| 999 | |c 2772 |d 2772 | ||



